000 01119cam a2200301 a 4500
001 000013035
003 DO-SdBNP
005 20241209092232.0
008 050426s2004 cl a b i001 0 spa d
020 _a9213225784
040 _aDO-SdBNP
_bspa
_cBNPHU
082 _a353.54
_bM321s
100 1 _aMarco, Flavia
_930124
245 1 0 _aLos sistemas de pensiones en América Latina :
_bun análisis de género /
_cFlavia Marco, Daniel Giménez, Ligia Alvarenga.
260 _aSantiago de Chile :
_bNaciones Unidas. CEPAL,
_c2004.
300 _a261 p. :
_bil. ;
_c23 cm.
490 1 _aCuadernos CEPAL
_v90
500 _aAl pie de T.P.: Reino de los Paises Bajos.
500 _a"Octubre de 2004."
546 _aIncluye resumen en Inglés.
650 4 _aMujeres
_xPensiones
_zAmérica Latina
_930125
650 4 _aDiscriminación sexual contra la mujer
_zAmérica Latina
_930126
700 1 _aGiménez, Daniel
_930127
700 1 _aAlvarenga, Ligia
_930128
710 _aNaciones Unidas.
_bComisión Economica para América Latina y el Caribe
_93086
830 0 _aCuadernos de la CEPAL ;
_v90
_93079
942 _2ddc
_cLBS1
999 _c12679
_d12679